| 000 | 00605nam a2200181Ia 4500 | ||
|---|---|---|---|
| 008 | 090124s9999 xx 000 0 und d | ||
| 082 | _b30905 | ||
| 100 | _aकोलारकर शरद | ||
| 245 | _a जगावेगळे जीवनरंग | ||
| 250 | _a1 | ||
| 260 |
_b"विजय प्रकाशन , नागपूर" _c1992 |
||
| 300 | _a188 | ||
| 600 | _aकोलारकर शरद | ||
| 630 | _a जगावेगळे जीवनरंग | ||
| 700 | _aकोलारकर शरद | ||
| 730 | _a जगावेगळे जीवनरंग | ||
| 942 | _cBOOK | ||
| 999 |
_c96506 _d96506 |
||